|
|
|
|
| LEADER |
00000nla2a2200000 4500 |
| 001 |
231620 |
| 005 |
20240209162337.0 |
| 035 |
|
|
|a (RuTPU)RU\TPU\book\252642
|
| 035 |
|
|
|a RU\TPU\book\252619
|
| 090 |
|
|
|a 231620
|
| 100 |
|
|
|a 20130204d2011 k y0rusy50 ca
|
| 101 |
0 |
|
|a rus
|
| 102 |
|
|
|a RU
|
| 105 |
|
|
|a y z 101zy
|
| 135 |
|
|
|a drnn ---uucaa
|
| 181 |
|
0 |
|a i
|
| 182 |
|
0 |
|a b
|
| 200 |
1 |
|
|a Эффективное использование сетевых образовательных средств - приоритет учебного процесса в ВУЗе
|f В. А. Стародубцев, М. А. Соловьёв
|
| 203 |
|
|
|a Текст
|c электронный
|
| 215 |
|
|
|a 1 файл (246 Кб)
|
| 225 |
1 |
|
|a Эффективное использование ресурсов - приоритет образовательного процесса в исследовательском университете
|
| 300 |
|
|
|a Заглавие с титульного листа
|
| 320 |
|
|
|a [Библиогр.: с. 61 (2 назв.)]
|
| 337 |
|
|
|a Adobe Reader
|
| 463 |
|
1 |
|0 (RuTPU)RU\TPU\book\243018
|t Уровневая подготовка специалистов: государственные и международные стандарты инженерного образования
|o сборник трудов научно-методической конференции, 10-11 марта 2011 г., Томск
|f Национальный исследовательский Томский политехнический университет (ТПУ)
|v [С. 58-61]
|d 2011
|
| 610 |
1 |
|
|a труды учёных ТПУ
|
| 610 |
1 |
|
|a электронный ресурс
|
| 610 |
1 |
|
|a образовательные ресурсы
|
| 610 |
1 |
|
|a эффективность
|
| 610 |
1 |
|
|a сетевые средства
|
| 610 |
1 |
|
|a приоритетные направления
|
| 610 |
1 |
|
|a вузы
|
| 700 |
|
1 |
|a Стародубцев
|b В. А.
|c физик
|c профессор Томского политехнического университета, доктор педагогических наук
|f 1943-
|g Вячеслав Алексеевич
|3 (RuTPU)RU\TPU\pers\26939
|
| 701 |
|
1 |
|a Соловьёв
|b М. А.
|c специалист в области электроэнергетики, организации высшего профессионального образования
|c доцент Томского политехнического университета, кандидат технических наук
|f 1972-
|g Михаил Александрович
|3 (RuTPU)RU\TPU\pers\25186
|9 11266
|
| 712 |
0 |
2 |
|a Национальный исследовательский Томский политехнический университет (ТПУ)
|c (2009- )
|3 (RuTPU)RU\TPU\col\15902
|
| 801 |
|
1 |
|a RU
|b 63413507
|c 20120830
|
| 801 |
|
2 |
|a RU
|b 63413507
|c 20161007
|g RCR
|
| 856 |
4 |
|
|u http://www.lib.tpu.ru/fulltext/c/2011/C09/029.pdf
|
| 942 |
|
|
|c CF
|